000 02621nam0a2200385 4500
001 RU\NLR\bibl\866107
005 20260408171950.0
010 _a5-7237-0486-9
_bв обл.
021 _aRU
_b2005-38839
_91929
035 _a(NLR Aleph) 000854753
035 _a(nilc)RSL-KNO-002676720
090 _a1502468
_c1502468
100 _a20050617d2005 u y0rusy50 ca
101 0 _arus
102 _aRU
105 _aa |||||||||
106 _ar
200 1 _aПроцессы и аппараты химической технологии. Экстракция в системе жидкость-жидкость
_eучеб. пособие для студентов вузов, обучающихся по направлениям подгот. дипломир. специалистов "Энерго- и ресурсосберегающие процессы в хим. технологии, нефтехимии и биотехнологии" и "Хим. технология материалов соврем. энергетики"
_fЕ. П. Моргунова, Е. А. Дмтриев
_gФедер. агентство по образованию, Рос. хим. -технол. ун-т им. Д. И. Менделеева
210 _aМ.
_cРХТУ им. Д.И. Менделеева
_d2005
_gГУП МО Орехово-Зуевская тип.
215 _a191 с.
_cил., табл.
_d29
320 _aБиблиогр.: с. 188
517 0 _aЭкстракция в системе жидкость-жидкость
606 _aЭкстрагирование (хим.) жидкости жидкостью
_jУчебные издания для высших учебных заведений
_3RU\NLR\auth\66664382
_91526724
610 0 _aХимическая технология. Химические производства -- Основные процессы и аппараты химической технологии -- Массообменные процессы -- Экстрагирование -- Экстрагирование жидкостей -- Учебник для высшей школы
686 _aЛ113.41я73-1
_2rubbk
686 _aЛ113.41я73-1
700 1 _aМоргунова
_bЕ. П.
_gЕлена Павловна
_4070
701 1 _4070
_aДмитриев
_bЕ. А.
_cд-р техн. наук, гидродинамика
_gЕвгений Александрович
_9133696
_3RU\NLR\AUTH\770133730
801 0 _aRU
_bRuMoRKP
_c20050617
_grcr
801 1 _aRU
_bRuMoRGB
_c20050617
801 2 _aRU
_bNLR
_c20051103
_grcr
942 _cBOOK
980 _aNB